Welcome to the Holygrace Academy Library

Please use search bar below to get started

VALLATHOL, KAVIYUM VYAKTHIYUM (Record no. 5404)

MARC details
000 -LEADER
fixed length control field 00323nam a22001337a 4500
082 ## - DEWEY DECIMAL CLASSIFICATION NUMBER
Classification number 894.812
Item number CHA/V
100 ## - MAIN ENTRY--AUTHOR NAME
Personal name CHACKO, CHEMMANAM
245 ## - TITLE STATEMENT
Title VALLATHOL, KAVIYUM VYAKTHIYUM
260 ## - PUBLICATION, DISTRIBUTION, ETC. (IMPRINT)
Place of publication KOZHIKODE
Name of publisher MARAR SAHITHY PRAKASAM
Year of publication 1980
300 ## - PHYSICAL DESCRIPTION
Number of Pages 119
520 ## - SUMMARY, ETC.
Summary, etc ABOUT VALLATHOL
650 ## - SUBJECT ADDED ENTRY--TOPICAL TERM
Form subdivision ABOUT VALLATHOL
942 ## - ADDED ENTRY ELEMENTS (KOHA)
Koha item type Books
Holdings
Withdrawn status Lost status Collection code Home library Current library Shelving location Date acquired Source of acquisition Cost, normal purchase price Full call number Accession Number Koha item type
    Fiction Main Library Main Library SHELF-16L- MALAYALAM BIOGRAPHY,STUDIES/CRITICISM 11/10/2012 Purchase 70.00 894.812 CHA/V 02748 Books